000 02797nam a2200457 c 4500
003 BLK
005 20250416161736.0
008 180412b bul|||||r ||||||| ||bul||
010 _aKNG00009571000
020 _a954-407-064-8
_bиздат.: Нов човек
040 _aBLK
041 _aBUL
_cBUL
080 _aЗвезди и звездни системи. Вселена - Космически лъчи, междузвездно пространство, Галактика, Млечен път, космология, извънгалактически системи
_b524
_x
_z524
080 _aПроизход на живота. Живот на другите планети. Екзобиология - Абиогенно образуване на първично органическо вещество, възникване на сложни биологични макромолекули и надмолекулни структури, възниква
_b573.5
_x
_z573.5
080 _aЕволюционно учение. Дарвинизъм. Видообразуване. Филогенез - Борба за съществуване, изолация, адаптация, отбор и др. Биомакромолекули, молекулярна еволюция, клетки и субклетъчни структури, тъ
_b575.8
_x
_z575.8
080 _aСътворение на света. Еволюция. Еманация. Вечност на света. Вж и 113;141. 111;231;233;575. 8
_b213
_x
_z213
100 1 _aМорис, Хенри
_eпърви автор
_9253341
700 1 _aУзунова, Венцислава
_eпрев. от англ.
_9250528
139 _aМорис, Хенри
_bМ 89
245 1 0 _aНаучен креационизъм
_bЕдин науч. модел на Сътворението
_cХенри Морис; прев. от англ. Венцислава Узунова.
257 _aUSA
260 София
_bНов човек
_c1995
_fПловдив : Полиграфия
300 _a320 с.
_c22 см
380 _a5
500 _aОриг. загл. Scientific creationism / Henry M. Morris ; 2 100 тир.
650 4 _aЖивот - произход и развитие
_9248266
650 4 _aЕволюция [биол.] - критика
_9253342
650 4 _aВселена
_9151275
650 4 _aКосмология
_9159537
650 4 _aНаука и религия
_9250298
653 _aживот
653 _aеволюция
653 _aкосмология
653 _aрелигия
852 _aЦб 184648
856 4 _qpdf
_u
856 4 _qpdf
_u
942 _cKNG
_n0
_09
944 _aCR
_c15.01.2003
_k30539
_lКръстинка Христова
944 _aED
_c08.03.2006
_k
999 _c8234
_d8234